| 000 | 01387nam a2200349 i 4500 | ||
|---|---|---|---|
| 003 | EG-GICUC | ||
| 005 | 20260408100457.0 | ||
| 008 | 260408s2012 ua a|||fr|||| 00| 0 ara d | ||
| 017 | _a2010/24519 | ||
| 020 | _a9789773288219 | ||
| 040 |
_a EG-GICUC _bara _c EG-GICUC _d EG-GICUC _erda |
||
| 041 | _aara | ||
| 082 | 0 | 4 |
_221 _a343.81 _bط ا . م |
| 092 | 0 | 4 | _221 |
| 099 | _aLaw1 10 343.81 ط ا . م 2012 | ||
| 100 | 0 |
_aطارق إبراهيم الدسوقي عطية _eمؤلف. |
|
| 245 | 1 | 0 |
_aمسرح الجريمة : _bفي ضوء القواعد الإجرائية و الأساليب الفنية / _cدكتور طارق إبراهيم الدسوقي عطية. |
| 264 | 1 |
_aالإسكندرية : _bدار الجامعة الجديدة، _c2012. |
|
| 300 |
_a664 صفحة : _bإيضاحيات، صور، مثيليات ؛ _c24 سم. |
||
| 336 |
_2rda content _atext |
||
| 337 |
_2rda media _aComputer |
||
| 338 |
_2rda carrier _aOnline Resource |
||
| 504 | _aيشتمل على إرجاعات ببليوجرافية. | ||
| 546 | _aالنص باللغة العربية | ||
| 650 | 1 | _aالقانون الجنائي | |
| 650 | 1 | _aعلم البوليس العلمي | |
| 650 | 1 | _aالتحقيق الجنائي الفني | |
| 650 | 1 | _aمسرح الجريمة | |
| 856 | 4 | 0 | _uhttps://fll.law.cu.edu.eg/fulltext/bks/B10-09104.pdf |
| 905 | _a43 | ||
| 942 |
_2ddc _n0 _cBK _e21 |
||
| 999 |
_c69561 _d69561 |
||